New post office, Dundee (Record no. 116779)

MARC details
000 -LEADER
fixed length control field 00665cam a22001815a 4500
001 - CONTROL NUMBER
control field E142277
008 - FIXED-LENGTH DATA ELEMENTS--GENERAL INFORMATION
fixed length control field 080201s1895 xxk eng u
035 ## - SYSTEM CONTROL NUMBER
System control number (Sirsi) u142277
041 ## - LANGUAGE CODE
Language code of text/sound track or separate title eng
245 00 - TITLE STATEMENT
Title New post office, Dundee
Remainder of title schedule of the quantities of the several works required to be executed in the erection of proposed new post office at Meadowside and Constitution Roads and Euclid Street, Dundee, no.1 excavator, mason & brick works, schedule A
Medium [manuscript]
260 ## - PUBLICATION, DISTRIBUTION, ETC.
Date of publication, distribution, etc. April 1895
300 ## - PHYSICAL DESCRIPTION
Extent 1v.
Dimensions 34cm.
340 ## - PHYSICAL MEDIUM
Material base and configuration Printed
351 ## - ORGANIZATION AND ARRANGEMENT OF MATERIALS
Hierarchical level Single item
651 4# - SUBJECT ADDED ENTRY--GEOGRAPHIC NAME
Geographic name Dundee
690 ## - LOCAL SUBJECT ADDED ENTRY--TOPICAL TERM (OCLC, RLIN)
Topical term or geographic name as entry element BUILT ENVIRONMENT-QUANTITY SURVEYING
942 ## - ADDED ENTRY ELEMENTS (KOHA)
Suppress in OPAC 0
Holdings
Withdrawn status Lost status Source of classification or shelving scheme Damaged status Not for loan Home library Current library Shelving location Date acquired Total Checkouts Full call number Barcode Date last seen Copy number Price effective from Koha item type
    Dewey Decimal Classification     Archives Archives Archive copy 01/02/2008   ARCHIVE 50013169 06/08/2019 1 06/08/2019 Book